000 00643nam a2200181Ia 4500
003 GCL
008 140319s9999 xx 000 0 ara d
040 _aGCL /
_cGCL
082 0 4 _a923.1
_bم م
245 1 0 _aملف الملك فهد بن عبدالعزيز
260 _aالقاهرة :
_bمركز الاهرام للتنظيم وتكنولوجيا المعلومات ،
_c2003
300 _a150 ص ؛
_c40 سم
650 0 4 _aندوات
650 0 4 _aالاحتفالات
650 0 4 _aالملك فهد بن عبدالعزيز - مقالات ومحاضرات
650 0 4 _aالملوك السعوديون - تراجم
942 _2ddc
_cBK
999 _c5693
_d5693